| 000 | 00717nam a2200241 i 4500 | ||
|---|---|---|---|
| 001 | 15464 | ||
| 003 | ES-MaACL | ||
| 005 | 20250808062717.0 | ||
| 007 | t| | ||
| 008 | 000316s1998 sp ||||1| spa d | ||
| 020 | _a84-7914-384-3 | ||
| 080 | _a271.05 | ||
| 100 | 1 |
_aColombás, García M. _939820 |
|
| 245 | 1 | 3 |
_aEl monacato primitivo / _cGarcía M. Colombás. |
| 250 | _a2ª ed. | ||
| 260 |
_aMadrid : _bBiblioteca de Autores Cristianos, _c1998. |
||
| 300 |
_aXIII, 785 p. ; _c20 cm. |
||
| 490 | 1 |
_aBiblioteca de autores cristianos ; _v588 |
|
| 650 | 1 | 4 |
_aMonacato- _yS.I-V. _915140 |
| 830 | 0 | 0 |
_aBiblioteca de autores cristianos _v588 _9178679 |
| 852 |
_aES-MaACL _jJ-575 _bR.127143 |
||
| 999 |
_c15464 _d15464 |
||